000 00305nam a2200121Ia 4500
005 20251222155150.0
008 251222s9999||||xx |||||||||||||| ||spa||
082 _aSOC.56.1-3
100 _aCHRISTINE María.
245 0 _aPerú política de población y derechos humanos
264 _bMinsa
942 _cLIB
999 _c39541
_d39541